00418nam a22001577a 4500003000400000020001800004082001800022100001700040245007500057260003800132300000800170650002400178653002400202700001600226700001800242SGT a9786206153009 a617.645bM23V aVaid, Parika aManagement of Non-Pitted White Spot Lesions on Young Permanent Incisor bLambert Academic Publishingc2023 a109 aPediatric Dentistry aPediatric Dentistry aGupta, Anil aDogra, Shikha